[Event "Scarborough CC Jack Frost"]
[Site "Toronto CAN"]
[Date "2024.01.18"]
[Round "6.4"]
[White "Kola, Venkat Karthikeya R"]
[Black "Wang, Nathan"]
[Result "1-0"]
[WhiteElo "1766"]
[BlackElo "1882"]
[PlyCount "96"]
[EventDate "2023.12.07"]
[EventType "swiss"]
[EventRounds "7"]
[EventCountry "CAN"]

1. e4 c5 2. Nc3 Nc6 3. f4 g6 4. Nf3 Bg7 5. d3 d6 6. Be3 Nd4 7. Bxd4 cxd4 8. Nb1
Qb6 9. b3 e5 10. fxe5 dxe5 11. Be2 Nf6 12. Nfd2 Qc7 13. O-O h5 14. a4 Ng4 15.
Nc4 Be6 16. h3 Bxc4 17. hxg4 Be6 18. g5 Qe7 19. Qc1 Rc8 20. Na3 a6 21. Nc4 Bxc4
22. bxc4 f6 23. gxf6 Bxf6 24. Qa3 Qd8 25. Rf3 Bg5 26. g3 Be3+ 27. Kg2 Qe7 28.
Qxe7+ Kxe7 29. Rb1 Rc7 30. Rb6 Rg8 31. Rff6 Rc6 32. Rfxc6 bxc6 33. Rxc6 Rf8 34.
Bf3 Rf6 35. Rc5 Re6 36. a5 Kf6 37. Kh3 Rd6 38. g4 hxg4+ 39. Bxg4 Bd2 40. Rc8
Bxa5 41. c5 Rd8 42. Rc6+ Kf7 43. Rxa6 Bb4 44. c6 Bd6 45. c7 Bxc7 46. Ra7 Kf6
47. Rxc7 Rd6 48. Kg3 Rb6 1-0

[Event "Scarborough CC Jack Frost"]
[Site "Toronto CAN"]
[Date "2024.01.18"]
[Round "6.5"]
[White "Dhungel, Uttam"]
[Black "Reyes, Romeo"]
[Result "0-1"]
[WhiteElo "1700"]
[BlackElo "2142"]
[PlyCount "54"]
[EventDate "2023.12.07"]
[EventType "swiss"]
[EventRounds "7"]
[EventCountry "CAN"]

1. Nf3 c5 2. b3 d6 3. Bb2 e5 4. e4 Nf6 5. Nc3 g6 6. Bc4 h6 7. O-O Bg7 8. h3 O-O
9. Qe2 Nh5 10. Nd5 Nc6 11. Kh2 Ne7 12. g3 Kh7 13. Nh4 Qd7 14. Nxe7 Qxe7 15. Ng2
a6 16. a4 Bd7 17. Bd5 Rab8 18. a5 Nf6 19. Bc4 Rbe8 20. f4 Nh5 21. Ne3 Be6 22.
Rg1 Qd7 23. Qf2 f5 24. Bxe6 Qxe6 25. Qe1 fxe4 26. fxe5 Rf3 27. Qe2 Nf4 0-1

[Event "Scarborough CC Jack Frost"]
[Site "Toronto CAN"]
[Date "2024.01.18"]
[Round "6.6"]
[White "Bossy, John"]
[Black "Chamberland, Luc"]
[Result "1-0"]
[WhiteElo "1866"]
[BlackElo "1777"]
[PlyCount "91"]
[EventDate "2023.12.07"]
[EventType "swiss"]
[EventRounds "7"]
[EventCountry "CAN"]

1. d4 Nf6 2. c4 g6 3. Nc3 d5 4. Nf3 Bg7 5. cxd5 Nxd5 6. e4 Nxc3 7. bxc3 c5 8.
Rb1 O-O 9. Be2 Nd7 10. O-O a6 11. a4 Qc7 12. Bg5 Nf6 13. Bd3 Ne8 14. Bh4 Bg4
15. e5 f6 16. Qb3+ Kh8 17. exf6 exf6 18. Qxb7 Bxf3 19. Qxc7 Nxc7 20. gxf3 cxd4
21. cxd4 Rad8 22. Bg3 Ne6 23. Bxa6 Nxd4 24. Kg2 f5 25. Bc7 Ra8 26. Bb5 Rfc8 27.
Rfc1 Ne6 28. Bb6 Nf4+ 29. Kf1 Nd5 30. Bc6 Nxb6 31. Bxa8 Rxa8 32. Rxb6 Be5 33.
Rc4 Bxh2 34. f4 g5 35. fxg5 Be5 36. Rb5 Re8 37. f4 Bd6 38. Rxf5 Kg7 39. Rd5 Bb8
40. f5 h5 41. Rd7+ Kg8 42. Rb4 Rf8 43. f6 Be5 44. Rbb7 Ra8 45. Rg7+ Kf8 46. Rh7
1-0

[Event "Scarborough CC Jack Frost"]
[Site "Toronto CAN"]
[Date "2024.01.25"]
[Round "7.1"]
[White "Zhong, Ryan Yunhui"]
[Black "Yang, Larry"]
[Result "1-0"]
[WhiteElo "1999"]
[BlackElo "2132"]
[PlyCount "71"]
[EventDate "2023.12.07"]
[EventType "swiss"]
[EventRounds "7"]
[EventCountry "CAN"]

1. e4 e5 2. Nf3 Nc6 3. d4 exd4 4. Nxd4 Nf6 5. Nc3 Bb4 6. Nxc6 bxc6 7. Bd3 d5 8.
exd5 cxd5 9. O-O O-O 10. Bg5 c6 11. Qf3 Be7 12. h3 h6 13. Bf4 Bd6 14. Rfe1 Rb8
15. b3 Bb7 16. Bxd6 Qxd6 17. Ne2 c5 18. Qf4 Qc6 19. Ng3 d4 20. Ne4 Nd5 21. Qf5
g6 22. Qxd5 Qxd5 23. Nf6+ Kg7 24. Nxd5 Bxd5 25. Re5 Rfd8 26. Rae1 Kf6 27. f4
Rb7 28. Kf2 Rc7 29. Rd1 c4 30. Be4 Bxe4 31. Rxe4 cxb3 32. cxb3 Kf5 33. Rexd4
Rxd4 34. Rxd4 Rc2+ 35. Kf3 Rxa2 36. Rd6 1-0

[Event "Scarborough CC Jack Frost"]
[Site "Toronto CAN"]
[Date "2024.01.25"]
[Round "7.2"]
[White "Southam, David"]
[Black "Gebhardt, David"]
[Result "1-0"]
[WhiteElo "2064"]
[BlackElo "1619"]
[PlyCount "63"]
[EventDate "2023.12.07"]
[EventType "swiss"]
[EventRounds "7"]
[EventCountry "CAN"]

1. d4 c6 2. c4 d5 3. Nf3 Nf6 4. e3 Bg4 5. h3 Bh5 6. Nc3 e6 7. g4 Bg6 8. Ne5
Nbd7 9. Nxg6 hxg6 10. Bd3 Be7 11. Qf3 Nh7 12. Bd2 dxc4 13. Bxc4 Nb6 14. Bb3 Ng5
15. Qg2 a5 16. a3 a4 17. Ba2 Nd5 18. h4 Nh7 19. h5 Nf8 20. O-O-O Qb6 21. e4
Nxc3 22. Bxc3 Bg5+ 23. Kb1 O-O-O 24. d5 exd5 25. exd5 Bf6 26. Bxf6 gxf6 27.
dxc6 Rxd1+ 28. Rxd1 gxh5 29. gxh5 Ne6 30. Bxe6+ fxe6 31. Qg7 Re8 32. Qd7+ 1-0

[Event "Scarborough CC Jack Frost"]
[Site "Toronto CAN"]
[Date "2024.01.25"]
[Round "7.3"]
[White "Gao, Heye"]
[Black "Kola, Venkat Karthikeya R"]
[Result "0-1"]
[WhiteElo "1885"]
[BlackElo "1766"]
[PlyCount "128"]
[EventDate "2023.12.07"]
[EventType "swiss"]
[EventRounds "7"]
[EventCountry "CAN"]

1. e4 c5 2. Nf3 e6 3. d4 cxd4 4. Nxd4 Nf6 5. Nc3 Bb4 6. f3 a6 7. Bd2 Nc6 8. Nb3
d5 9. exd5 Nxd5 10. Nxd5 Qxd5 11. Be2 Bxd2+ 12. Nxd2 O-O 13. c3 Qg5 14. O-O
Qe3+ 15. Kh1 Rd8 16. Nc4 Rxd1 17. Nxe3 Rd2 18. Bc4 b5 19. Bb3 Bb7 20. Rfd1 Rad8
21. Rxd2 Rxd2 22. Rd1 Rxd1+ 23. Bxd1 Kf8 24. Kg1 Ke7 25. Kf2 Kd6 26. f4 Ne7 27.
Bf3 Bxf3 28. Kxf3 f6 29. Ke4 Nc6 30. g4 Nd8 31. h4 Nb7 32. b4 h6 33. c4 bxc4
34. Nxc4+ Kc6 35. a4 Nd8 36. g5 hxg5 37. hxg5 Nf7 38. g6 Nh6 39. Ne3 Kd6 40.
Kd4 Ng8 41. f5 e5+ 42. Kc4 Ne7 43. b5 a5 44. b6 Kc6 45. b7 Kxb7 46. Kb5 Nc6 47.
Kc5 Nd4 48. Kd6 Ne2 49. Nf1 e4 50. Ke7 Nf4 51. Kf7 Nh5 52. Ke6 Kc6 53. Ne3 Kc5
54. Nd5 Kd4 55. Kd6 e3 56. Nxe3 Kxe3 57. Kc5 Nf4 58. Kb5 Nd5 59. Kxa5 Ke4 60.
Ka6 Kxf5 61. a5 Ke6 62. Kb7 Kd7 63. a6 Nc7 64. a7 f5 0-1

[Event "Scarborough CC Jack Frost"]
[Site "Toronto CAN"]
[Date "2024.01.25"]
[Round "7.4"]
[White "Reyes, Romeo"]
[Black "Balakrishnan, Shankar"]
[Result "0-1"]
[WhiteElo "1715"]
[BlackElo "2142"]
[Annotator ",hugh_brodie@hotmail."]
[PlyCount "56"]
[EventDate "2023.12.07"]
[EventType "swiss"]
[EventRounds "7"]
[EventCountry "CAN"]

1. e4 e5 2. Nf3 Nc6 3. Bb5 f5 4. d3 fxe4 5. dxe4 Nf6 6. O-O Bc5 7. Bg5 d6 8.
Nbd2 Be6 9. c3 a6 10. Ba4 O-O 11. b4 Ba7 12. Qe2 b5 13. Bb3 Qe8 14. Nh4 Bxb3
15. axb3 Qh5 16. Qxh5 Nxh5 17. g3 h6 18. Be3 Bxe3 19. fxe3 Nf6 20. h3 g5 21.
Nf5 Kh7 22. g4 Kg6 23. Ng3 Nd7 24. Nf3 a5 25. bxa5 Nxa5 26. b4 Nc4 27. Nf5 Nf6
28. Ne7+ Kf7 {and Black won in a few moves.} 0-1

[Event "Scarborough CC Jack Frost"]
[Site "Toronto CAN"]
[Date "2024.01.25"]
[Round "7.5"]
[White "Wang, Nathan"]
[Black "Bossy, John"]
[Result "1-0"]
[WhiteElo "1882"]
[BlackElo "1866"]
[PlyCount "77"]
[EventDate "2023.12.07"]
[EventType "swiss"]
[EventRounds "7"]
[EventCountry "CAN"]

1. e4 c6 2. d4 d5 3. e5 Bf5 4. Bd3 Bxd3 5. Qxd3 e6 6. Ne2 Qa5+ 7. Nd2 Qa6 8.
Qe3 Ne7 9. Ng3 Nd7 10. Nf3 c5 11. dxc5 Nc6 12. Qf4 Qc4 13. Qxc4 dxc4 14. Bf4
Bxc5 15. Ne4 O-O 16. O-O-O Rfd8 17. Rxd7 Rxd7 18. Nxc5 Rc7 19. Rd1 Rd8 20.
Rxd8+ Nxd8 21. Ne4 h6 22. h4 b6 23. Nd4 a6 24. Kd2 Kf8 25. Nd6 Ke7 26. a4 Nc6
27. Nxc6+ Rxc6 28. Be3 f6 29. f4 Kd7 30. Kc3 g5 31. g3 gxh4 32. gxh4 h5 33. Kb4
fxe5 34. fxe5 Kc7 35. c3 Kd7 36. Nxc4 Kc7 37. Bxb6+ Kd7 38. Be3 Rc8 39. Nb6+
1-0

[Event "Scarborough CC Jack Frost"]
[Site "Toronto CAN"]
[Date "2024.01.25"]
[Round "7.6"]
[White "Mutyalapati, Modith Aaroh"]
[Black "Dhungel, Uttam"]
[Result "0-1"]
[WhiteElo "1838"]
[BlackElo "1700"]
[PlyCount "125"]
[EventDate "2023.12.07"]
[EventType "swiss"]
[EventRounds "7"]
[EventCountry "CAN"]

1. e4 c5 2. Nf3 e6 3. c3 Nc6 4. d4 d5 5. Bd3 cxd4 6. cxd4 Bb4+ 7. Nc3 dxe4 8.
Bxe4 Nf6 9. Bxc6+ bxc6 10. Qa4 Qb6 11. O-O O-O 12. Ne5 Bb7 13. Nc4 Bxc3 14.
Nxb6 axb6 15. Qc4 Ba5 16. b4 b5 17. Qb3 Bb6 18. Bb2 Rfd8 19. Rfd1 Rd5 20. Rd3
Rad8 21. Rad1 Kf8 22. a4 bxa4 23. Qxa4 Ne8 24. Qc2 Ba6 25. Ra3 Bb7 26. Qxh7 Nf6
27. Qc2 e5 28. Rad3 e4 29. Re3 Kg8 30. h3 R8d6 31. f3 exf3 32. gxf3 Bc8 33.
Rde1 Bf5 34. Qg2 Bg6 35. Rd1 Nh5 36. Qh2 Kh7 37. Kf2 Bc7 38. Re7 Bd8 39. Re5
Bh4+ 40. Ke3 Rxe5+ 41. Qxe5 Re6 42. d5 cxd5 43. Rxd5 Bf6 44. b5 Bxe5 45. Rxe5
Rd6 46. Bd4 Nf6 47. Bc5 Rd3+ 48. Ke2 Nd7 49. Rg5 Nxc5 50. Rxc5 Rb3 51. Rd5 f6
52. h4 Be8 53. Kf2 Bxb5 54. Rc5 Be8 55. Kg2 Kh6 56. Kg3 Bh5 57. Rf5 Kg6 58. Rf4
f5 59. Kg2 Kf6 60. Kf2 Ke5 61. Kg3 Ra3 62. Rb4 Rxf3+ 63. Kg2 0-1

[Event "Scarborough CC Jack Frost Swiss"]
[Site "Toronto CAN"]
[Date "2023.01.05"]
[Round "1.1"]
[White "Pedersen, Rune"]
[Black "Mendoza, Armand Jess"]
[Result "1/2-1/2"]
[WhiteElo "2143"]
[BlackElo "1803"]
[PlyCount "105"]
[EventDate "2023.01.05"]
[EventType "swiss"]
[EventRounds "6"]
[EventCountry "CAN"]

1. e4 c5 2. Nf3 d6 3. d4 cxd4 4. Nxd4 Nf6 5. Nc3 a6 6. Bg5 e6 7. f4 Bd7 8. e5
dxe5 9. fxe5 Qc7 10. Nf3 Ng4 11. Qe2 Bb4 12. Bd2 Nc6 13. O-O-O Ngxe5 14. Ne4
Nxf3 15. gxf3 Nd4 16. Qd3 Bxd2+ 17. Rxd2 e5 18. Qa3 Be6 19. Nd6+ Kd7 20. Nb5
Qb6 21. Nxd4 exd4 22. Qa4+ Ke7 23. Qxd4 Qxd4 24. Rxd4 Rhd8 25. Rb4 Rd7 26. Bd3
Rc8 27. Kb1 Rcd8 28. b3 h6 29. a4 Bd5 30. Re1+ Kf8 31. Bf5 Rd6 32. Be4 Bxe4 33.
Rexe4 R8d7 34. Rec4 f5 35. Rc8+ Ke7 36. Rb8 Rd2 37. R4xb7 g5 38. Rxd7+ Kxd7 39.
h4 Kc6 40. hxg5 hxg5 41. Kc1 Rf2 42. Rc8+ Kd5 43. Rc3 Ke5 44. b4 g4 45. fxg4
fxg4 46. b5 Rf6 47. Kb2 axb5 48. axb5 Rf8 49. Rc5+ Kd6 50. Rc6+ Kd5 51. c4+ Kd4
52. Kc2 Ke4 53. Kd2 1/2-1/2

[Event "Scarborough CC Jack Frost Swiss"]
[Site "Toronto CAN"]
[Date "2023.01.05"]
[Round "1.2"]
[White "Jeyakumar, Bhavatharshan"]
[Black "Southam, David"]
[Result "0-1"]
[WhiteElo "2060"]
[BlackElo "1772"]
[PlyCount "74"]
[EventDate "2023.01.05"]
[EventType "swiss"]
[EventRounds "6"]
[EventCountry "CAN"]

1. e4 e6 2. d4 d5 3. Nd2 c5 4. dxc5 Nf6 5. exd5 Qxd5 6. Ngf3 Qxc5 7. Bd3 Be7 8.
O-O Nbd7 9. Nb3 Qc7 10. Re1 b6 11. Nbd4 a6 12. Bg5 Bb7 13. c3 Rd8 14. Bh4 Nc5
15. Bg3 Qc8 16. Bc2 O-O 17. Qe2 Nfe4 18. Ne5 Nxg3 19. hxg3 Bf6 20. Qh5 g6 21.
Qh6 Bg7 22. Qf4 Nd7 23. Ndf3 Nxe5 24. Nxe5 Qb8 25. Nc4 Qxf4 26. gxf4 b5 27. Na5
Ba8 28. Rad1 b4 29. cxb4 Bxb2 30. Rxd8 Rxd8 31. Rb1 Bc3 32. Rb3 Bd2 33. f5 exf5
34. a3 Bf4 35. Bd3 Rd6 36. Rc3 Kg7 37. Nb3 Be5 0-1

[Event "Scarborough CC Jack Frost Swiss"]
[Site "Toronto CAN"]
[Date "2023.01.05"]
[Round "1.3"]
[White "Ajith, Aayush"]
[Black "Ugodnikov, Arkadiy"]
[Result "1-0"]
[WhiteElo "2132"]
[BlackElo "1701"]
[PlyCount "63"]
[EventDate "2023.01.05"]
[EventType "swiss"]
[EventRounds "6"]
[EventCountry "CAN"]

1. d4 Nf6 2. c4 b6 3. Nf3 Bb7 4. g3 e6 5. Bg2 Bb4+ 6. Bd2 Bxd2+ 7. Nbxd2 d6 8.
O-O Nbd7 9. Qc2 O-O 10. e4 e5 11. d5 a5 12. Ne1 Ng4 13. Nd3 Qe7 14. Rae1 Nh6
15. Bh3 Bc8 16. f4 Nc5 17. Bxc8 Nxd3 18. Qxd3 Raxc8 19. f5 f6 20. Re2 Qe8 21.
Rg2 Qa4 22. g4 Nf7 23. h4 b5 24. g5 bxc4 25. Qg3 fxg5 26. hxg5 Qd7 27. g6 Nh6
28. f6 gxf6 29. Qh4 Kg7 30. gxh7+ Kxh7 31. Kf2 f5 32. Qxh6+ 1-0

[Event "Scarborough CC Jack Frost Swiss"]
[Site "Toronto CAN"]
[Date "2023.01.05"]
[Round "1.6"]
[White "Chamberland, Luc"]
[Black "Lawless, David"]
[Result "1/2-1/2"]
[WhiteElo "1670"]
[BlackElo "1919"]
[PlyCount "106"]
[EventDate "2023.01.05"]
[EventType "swiss"]
[EventRounds "6"]
[EventCountry "CAN"]

1. e4 e5 2. Bc4 Bc5 3. Nc3 Nf6 4. d3 Nc6 5. Nf3 h6 6. Qe2 a6 7. O-O d6 8. a3
O-O 9. Be3 Ba7 10. Bxa7 Rxa7 11. h3 Ra8 12. Rae1 Re8 13. Nh2 Nd4 14. Qd1 Be6
15. Bxe6 Nxe6 16. Ne2 c6 17. f4 Qb6+ 18. Kh1 Qxb2 19. fxe5 dxe5 20. Qd2 Qxa3
21. Rxf6 gxf6 22. Ng4 Qf8 23. Nxh6+ Kh7 24. Ng4 Qg7 25. Rf1 Qg5 26. Nxf6+ Kg6
27. Qxg5+ Nxg5 28. Nxe8 Rxe8 29. h4 Ne6 30. Ng3 Nf4 31. Nf5 Rh8 32. g3 Ne2 33.
Rf2 Nd4 34. Nd6 f6 35. Nxb7 f5 36. exf5+ Nxf5 37. Kg2 Rb8 38. Na5 c5 39. Nb3 c4
40. dxc4 Ne3+ 41. Kf3 Nxc4 42. Ke4 a5 43. Nc5 Rd8 44. Ne6 Rd6 45. Nc5 Rd4+ 46.
Kf3 Nd2+ 47. Ke3 Nc4+ 48. Kf3 Nd6 49. Re2 Nf7 50. g4 Rf4+ 51. Kg3 Rc4 52. Nd3
Rc3 53. Kg2 a4 1/2-1/2

[Event "Scarborough CC Jack Frost Swiss"]
[Site "Toronto CAN"]
[Date "2023.01.12"]
[Round "2.1"]
[White "Southam, David"]
[Black "Wu, Benjamin"]
[Result "1-0"]
[WhiteElo "2060"]
[BlackElo "1886"]
[PlyCount "49"]
[EventDate "2023.01.05"]
[EventType "swiss"]
[EventRounds "6"]
[EventCountry "CAN"]

1. d4 d5 2. c4 c6 3. Nf3 Nf6 4. e3 e6 5. b3 Bd6 6. Bb2 O-O 7. Bd3 Nbd7 8. Nbd2
b6 9. O-O Re8 10. Ne5 Qc7 11. f4 Bb7 12. Rc1 Rac8 13. cxd5 exd5 14. Qf3 c5 15.
Qh3 g6 16. Bb5 Re7 17. Ndf3 a6 18. Bd3 b5 19. dxc5 Bxc5 20. Ng5 Nxe5 21. fxe5
Rxe5 22. Rxc5 Qxc5 23. Bxe5 Nh5 24. Nxf7 Qf8 25. g4 1-0

[Event "Scarborough CC Jack Frost Swiss"]
[Site "Toronto CAN"]
[Date "2023.01.12"]
[Round "2.2"]
[White "Yang, Larry"]
[Black "Ajith, Aayush"]
[Result "0-1"]
[WhiteElo "1837"]
[BlackElo "2132"]
[PlyCount "120"]
[EventDate "2023.01.05"]
[EventType "swiss"]
[EventRounds "6"]
[EventCountry "CAN"]

1. e4 c5 2. Nc3 d6 3. g3 Nc6 4. Bg2 e5 5. d3 Be6 6. Nge2 g6 7. O-O Bg7 8. f4
Qd7 9. Be3 Nf6 10. Kh1 O-O 11. f5 gxf5 12. Bg5 Ne8 13. Qd2 f6 14. exf5 Bxf5 15.
Bh6 Bh3 16. Nd5 Bxg2+ 17. Kxg2 Ne7 18. Bxg7 Kxg7 19. Nxe7 Qxe7 20. Rf5 Kg8 21.
Raf1 Ng7 22. R5f3 f5 23. c4 Rf7 24. Nc3 Raf8 25. Qh6 Qe6 26. Qh4 Qf6 27. Qh3
Qg6 28. Nd5 Kh8 29. Qh4 Qh5 30. Qxh5 Nxh5 31. g4 Ng7 32. gxf5 Rxf5 33. Ne7 Rg5+
34. Kh3 Rxf3+ 35. Rxf3 Ne6 36. Kh4 Rg2 37. Rf6 Nf4 38. Rxd6 Rxb2 39. Kg5 Rxh2
40. Nf5 Rg2+ 41. Kf6 Rg6+ 42. Kxe5 Rxd6 43. Nxd6 Nxd3+ 44. Ke4 Nb4 45. Nxb7
Nxa2 46. Nxc5 Kg7 47. Kf5 Nb4 48. Nb3 Kf7 49. Nd4 a5 50. Nb5 Nc2 51. Nc3 Ne3+
52. Kg5 Nxc4 53. Kh6 Kg8 54. Na4 Ne5 55. Nc5 Nf7+ 56. Kh5 Kg7 57. Na4 Kf6 58.
Nb2 Ke6 59. Kg4 Kd5 60. Kf4 Kd4 0-1

[Event "Scarborough CC Jack Frost Swiss"]
[Site "Toronto CAN"]
[Date "2023.01.12"]
[Round "2.3"]
[White "Grisar, Charles"]
[Black "Huang, Richard"]
[Result "0-1"]
[WhiteElo "1803"]
[BlackElo "1948"]
[PlyCount "48"]
[EventDate "2023.01.05"]
[EventType "swiss"]
[EventRounds "6"]
[EventCountry "CAN"]

1. d4 f5 2. g4 fxg4 3. h3 g3 4. fxg3 Nf6 5. Nc3 d5 6. Bg2 Bf5 7. Bg5 e6 8. e4
dxe4 9. Nxe4 Nc6 10. Ne2 Be7 11. Nxf6+ Bxf6 12. Bxf6 Qxf6 13. Bxc6+ bxc6 14.
O-O O-O 15. Nf4 Rad8 16. c3 c5 17. d5 exd5 18. Qb3 Kh8 19. Nxd5 Qe5 20. Nf4
Qe3+ 21. Kh2 Rd2+ 22. Ng2 Rxg2+ 23. Kxg2 Be4+ 24. Kh2 Qe2+ 0-1

[Event "Scarborough CC Jack Frost Swiss"]
[Site "Toronto CAN"]
[Date "2023.01.12"]
[Round "2.4"]
[White "Guo, Josh"]
[Black "Wu, Nolan"]
[Result "1-0"]
[WhiteElo "2254"]
[BlackElo "1673"]
[PlyCount "59"]
[EventDate "2023.01.05"]
[EventType "swiss"]
[EventRounds "6"]
[EventCountry "CAN"]

1. e4 c5 2. Nf3 d6 3. d4 cxd4 4. Nxd4 Nf6 5. Nc3 g6 6. Be3 Bg7 7. f3 O-O 8. Qd2
Nc6 9. Bc4 Nxd4 10. Bxd4 Be6 11. Bxe6 fxe6 12. O-O-O Qa5 13. Kb1 b5 14. h4 b4
15. Ne2 Qb5 16. h5 Nxh5 17. Bxg7 Kxg7 18. g4 Nf6 19. Nd4 Qd7 20. Qh6+ Kf7 21.
g5 e5 22. gxf6 exd4 23. fxe7 Qxe7 24. Qxh7+ Kf6 25. Qh4+ Kf7 26. Qg4 Qe5 27.
Rh7+ Kf6 28. f4 Qe8 29. e5+ dxe5 30. Qg5+ 1-0

[Event "Scarborough CC Jack Frost Swiss"]
[Site "Toronto CAN"]
[Date "2023.01.12"]
[Round "2.5"]
[White "Lawless, David"]
[Black "Pedersen, Rune"]
[Result "1-0"]
[WhiteElo "1910"]
[BlackElo "2143"]
[PlyCount "93"]
[EventDate "2023.01.05"]
[EventType "swiss"]
[EventRounds "6"]
[EventCountry "CAN"]

1. e4 c5 2. Nc3 Nc6 3. g3 g6 4. Bg2 Bg7 5. d3 d6 6. f4 Rb8 7. Nge2 b5 8. O-O
Bd7 9. Nd5 Nf6 10. Ne3 O-O 11. h3 Nd4 12. g4 Bc6 13. Ng3 Ba8 14. g5 Nd7 15. h4
e6 16. c3 Nc6 17. f5 exf5 18. exf5 Re8 19. f6 Bf8 20. Nd5 Nb6 21. Bf4 Ne5 22.
Nxb6 Bxg2 23. Kxg2 Qxb6 24. h5 Qc6+ 25. Kg1 Qd5 26. hxg6 hxg6 27. d4 Nc4 28.
Rf2 cxd4 29. Qxd4 Qxd4 30. cxd4 Ne3 31. Rc1 Nd5 32. Bd2 Rbc8 33. Rff1 Nb6 34.
b3 d5 35. Kf2 Bd6 36. Rxc8 Rxc8 37. Rc1 Rxc1 38. Bxc1 b4 39. Ne2 Kf8 40. Bf4
Bxf4 41. Nxf4 Ke8 42. Ke3 Kd7 43. Nd3 a5 44. Kf4 Kd6 45. Ne5 Ke6 46. Nc6 Kd6
47. Nd8 1-0

[Event "Scarborough CC Jack Frost Swiss"]
[Site "Toronto CAN"]
[Date "2023.01.12"]
[Round "2.6"]
[White "Mendoza, Armand Jess"]
[Black "Chamberland, Luc"]
[Result "0-1"]
[WhiteElo "1803"]
[BlackElo "1670"]
[Annotator ",hugh_brodie@hotmail."]
[PlyCount "74"]
[EventDate "2023.01.05"]
[EventType "swiss"]
[EventRounds "6"]
[EventCountry "CAN"]

1. c4 Nf6 2. Nc3 g6 3. d4 d5 4. f3 Bg7 5. e4 dxe4 6. fxe4 O-O 7. Nf3 b6 8. Be2
Bb7 9. e5 Ne8 10. O-O Nd7 11. Bf4 c6 12. Qd2 Nc7 13. Bh6 f6 14. Rad1 Qe8 15. h4
Rd8 16. Bxg7 Kxg7 17. Qe3 e6 18. Ne4 Qe7 19. h5 fxe5 20. h6+ Kg8 21. dxe5 Ba8
22. Rf2 c5 23. Rdf1 Bxe4 24. Qxe4 Rf5 25. Bd3 Rff8 26. Bc2 Rf7 27. Rd2 Nb8 28.
Rfd1 Rff8 29. Rd6 Nca6 30. Nh4 Rxd6 31. exd6 Qf6 32. Nf3 Nd7 33. Ba4 Nab8 34.
Qb7 Ne5 35. d7 Nxf3+ 36. Qxf3 Qxf3 37. gxf3 Rd8 {
Rest is unreadable. Black won in 57 moves.} 0-1

[Event "Scarborough CC Jack Frost Swiss"]
[Site "Toronto CAN"]
[Date "2023.01.19"]
[Round "3.1"]
[White "Ajith, Aayush"]
[Black "Southam, David"]
[Result "1-0"]
[WhiteElo "2132"]
[BlackElo "2060"]
[PlyCount "125"]
[EventDate "2023.01.05"]
[EventType "swiss"]
[EventRounds "6"]
[EventCountry "CAN"]

1. d4 e6 2. c4 f5 3. Nc3 Nf6 4. Bg5 Bb4 5. e3 Bxc3+ 6. bxc3 O-O 7. Bd3 d6 8. f4
Qe7 9. Nf3 Qf7 10. O-O b6 11. Bxf6 Qxf6 12. e4 Bb7 13. e5 Qe7 14. Qe2 Nd7 15.
a4 c5 16. Rae1 d5 17. cxd5 Bxd5 18. Bc4 Bxc4 19. Qxc4 cxd4 20. cxd4 Rfd8 21.
Rc1 Nf8 22. Rc3 Rd5 23. Rfc1 Rad8 24. Qb3 h6 25. Rc7 R5d7 26. Qc3 Rxc7 27. Qxc7
Qxc7 28. Rxc7 Rd7 29. Rxd7 Nxd7 30. Kf2 Nb8 31. d5 exd5 32. Nh4 Nc6 33. Nxf5 a6
34. Nd6 Na5 35. Ke3 Nc4+ 36. Kd4 Nb2 37. a5 bxa5 38. Kxd5 a4 39. Nc4 Nd3 40. g3
Kf7 41. Kd6 Ke8 42. e6 Nf2 43. Ke5 Nd3+ 44. Kf5 Nb2 45. Na3 Nd1 46. Kg6 Ke7 47.
Kxg7 Kxe6 48. Kxh6 Nc3 49. Kg6 Ne4 50. g4 Kd5 51. f5 Kc5 52. g5 Kb4 53. f6 Nd6
54. f7 Nxf7 55. Kxf7 Kxa3 56. g6 Kb2 57. g7 a3 58. g8=Q a2 59. Qg7+ Kb1 60.
Qg6+ Kb2 61. Qxa6 a1=R 62. Qxa1+ Kxa1 63. h4 1-0

[Event "Scarborough CC Jack Frost Swiss"]
[Site "Toronto CAN"]
[Date "2023.01.19"]
[Round "3.2"]
[White "Chamberland, Luc"]
[Black "Guo, Josh"]
[Result "0-1"]
[WhiteElo "1670"]
[BlackElo "2254"]
[PlyCount "48"]
[EventDate "2023.01.05"]
[EventType "swiss"]
[EventRounds "6"]
[EventCountry "CAN"]

1. e4 c5 2. c3 d5 3. exd5 Qxd5 4. Nf3 Nc6 5. Be2 e5 6. d3 Bf5 7. Nh4 Be6 8. O-O
Rd8 9. Na3 Nf6 10. Qc2 Be7 11. Nf3 O-O 12. h3 h6 13. Be3 Rc8 14. Rfd1 Nd4 15.
Nxd4 cxd4 16. c4 Bxa3 17. cxd5 Rxc2 18. dxe6 dxe3 19. bxa3 Rxe2 20. exf7+ Rxf7
21. fxe3 Rxe3 22. Rac1 Rd7 23. Rc5 e4 24. d4 Rd3 0-1

[Event "Scarborough CC Jack Frost Swiss"]
[Site "Toronto CAN"]
[Date "2023.01.19"]
[Round "3.3"]
[White "Kwan, Toy Chack"]
[Black "Lawless, David"]
[Result "0-1"]
[WhiteElo "1583"]
[BlackElo "1910"]
[PlyCount "80"]
[EventDate "2023.01.05"]
[EventType "swiss"]
[EventRounds "6"]
[EventCountry "CAN"]

1. d4 Nf6 2. Nf3 g6 3. c4 Bg7 4. Nc3 O-O 5. Bg5 h6 6. Bh4 d6 7. e3 c6 8. Be2 a6
9. a4 a5 10. O-O Nbd7 11. Qc2 Qb6 12. Rfd1 Re8 13. h3 e5 14. d5 cxd5 15. cxd5
Nc5 16. e4 g5 17. Bg3 Nh5 18. Nd2 Nxg3 19. fxg3 Nxe4+ 20. Kh2 Nxd2 21. Rxd2 f5
22. Bh5 Rf8 23. Ra3 e4 24. Nb5 Bd7 25. Rb3 Rac8 26. Qd1 Be5 27. Nd4 Qa7 28. Ne6
Rf6 29. Rc2 Qb8 30. Rb6 Rxc2 31. Qxc2 Qc8 32. Nc7 Rf8 33. b3 Be8 34. Bxe8 Rxe8
35. Qc4 Re7 36. Ne6 Qxc4 37. bxc4 f4 38. gxf4 gxf4 39. Kg1 Rxe6 40. dxe6 Bd4+
0-1

[Event "Scarborough CC Jack Frost Swiss"]
[Site "Toronto CAN"]
[Date "2023.01.19"]
[Round "3.4"]
[White "Desikan, Ajith"]
[Black "Yang, Larry"]
[Result "0-1"]
[WhiteElo "1712"]
[BlackElo "1837"]
[PlyCount "72"]
[EventDate "2023.01.05"]
[EventType "swiss"]
[EventRounds "6"]
[EventCountry "CAN"]

1. d4 Nf6 2. Bf4 g6 3. Nc3 Bg7 4. e4 O-O 5. e5 Ne8 6. Qd2 d6 7. Nf3 Nc6 8. Bh6
Bg4 9. Bxg7 Nxg7 10. exd6 Bxf3 11. gxf3 cxd6 12. O-O-O d5 13. h4 h5 14. Bh3 Kh7
15. Rhg1 e6 16. Rg5 Qf6 17. f4 Ne7 18. Ne2 Rfc8 19. Ng3 Rc6 20. Kb1 Rac8 21. c3
b5 22. a3 a5 23. Bf1 Rb6 24. Bd3 Nef5 25. Nxf5 exf5 26. Rh1 Ne6 27. Rgg1 b4 28.
axb4 axb4 29. cxb4 Qxd4 30. Rc1 Rcb8 31. Rhd1 Rxb4 32. Rc2 Nxf4 33. Rc3 Nxd3
34. Qxd3 Rxb2+ 35. Kc1 Rb1+ 36. Kc2 Qxf2+ 0-1

[Event "Scarborough CC Jack Frost Swiss"]
[Site "Toronto CAN"]
[Date "2023.01.19"]
[Round "3.5"]
[White "Ajith, Aarush"]
[Black "Shah, Omar"]
[Result "1/2-1/2"]
[WhiteElo "1572"]
[BlackElo "1778"]
[PlyCount "92"]
[EventDate "2023.01.05"]
[EventType "swiss"]
[EventRounds "6"]
[EventCountry "CAN"]

1. d4 Nf6 2. Nf3 b6 3. Bf4 Bb7 4. e3 e6 5. Bd3 Be7 6. Nbd2 c5 7. c3 d6 8. O-O
O-O 9. e4 Re8 10. Re1 e5 11. Bg3 exd4 12. cxd4 Nh5 13. d5 Nxg3 14. hxg3 Bf6 15.
Qc2 g6 16. a4 Ba6 17. Bb5 Re7 18. Nc4 Bc8 19. Rad1 a6 20. Bc6 Raa7 21. Qb3 Bb7
22. Nxb6 Bxc6 23. dxc6 Nxc6 24. Nd5 Reb7 25. Nxf6+ Qxf6 26. Qd5 Nd4 27. Nxd4
cxd4 28. Rxd4 Rxb2 29. f3 Rc7 30. Rd2 Rcc2 31. Ree2 Rb1+ 32. Kf2 Rcc1 33. Rc2
Rf1+ 34. Ke3 Rbd1 35. Red2 Rfe1+ 36. Kd3 Qa1 37. Qxd6 Rxd2+ 38. Rxd2 Qb1+ 39.
Kd4 Qa1+ 40. Kd3 Qb1+ 41. Kd4 Qb3 42. Ke5 Qc3+ 43. Qd4 Qc7+ 44. Qd6 Qc3+ 45.
Qd4 Qc7+ 46. Qd6 Qc3+ 1/2-1/2